|
|
|
|
| LEADER |
00000nam a2200000 a 4500 |
| 001 |
vtls001345015 |
| 003 |
SK-MaSNL |
| 005 |
20260302033652.0 |
| 008 |
240316s1998 xo a r y slo |
| 015 |
|
|
|a SNBA1998/12-04554
|
| 020 |
|
|
|a 8022509396
|c 64,00 Sk
|
| 035 |
|
|
|a SNK000298226
|
| 035 |
|
|
|a urn:nbn:sk:snk-amkibc
|
| 035 |
|
|
|a urn:nbn:sk:snk-am008h3s
|
| 035 |
|
|
|a 9ED701A5-BCC3-4695-9D0E-E7F05C7A18E9
|
| 040 |
|
|
|a SNK
|b slo
|c SNK
|e AACR2
|
| 041 |
0 |
|
|a slo
|
| 044 |
|
|
|a xo
|c SK
|
| 080 |
|
|
|a 371.3(075.8)
|2 1981
|
| 080 |
|
|
|a 37.02(075.8)
|2 1981
|
| 100 |
1 |
|
|a Kompoltová, Soňa
|4 aut
|9 11245
|
| 245 |
1 |
0 |
|a Pedagogika
|c Soňa Kompoltová
|
| 260 |
|
|
|a Bratislava
|b Ekonóm
|c 1998
|
| 300 |
|
|
|a 159 s.
|b sch.
|c 21 cm
|
| 504 |
|
|
|a Bibliogr. s. 156-159
|
| 650 |
0 |
7 |
|a pedagogika
|2 SNKPH
|9 955
|
| 650 |
0 |
7 |
|a didaktika
|2 SNKPH
|9 3484
|
| 655 |
|
7 |
|a učebnice vysokých škôl
|2 SNKPH
|9 70191
|
| 919 |
|
|
|a 80-225-0939-6
|
| 958 |
|
|
|a TL
|
| 958 |
|
|
|a NB
|
| 958 |
|
|
|a UV
|
| 999 |
|
|
|c 1062829
|d 1064759
|
| 952 |
|
|
|t P60, <04>, [BOOK], {604}
|a SNK
|b SNK
|y VYP
|7 0
|p 17A0222578
|o snkSC 96893 D2
|i snkK 1339/99
|0 0
|1 0
|4 0
|d 1999-12-20
|l 0
|r 2005-01-02 00:00:00
|w 2026-02-24
|
| 952 |
|
|
|t P60, <03>, [BOOK], {603}
|a SNK
|b SNK
|y PREZ
|7 0
|p 17A0161156
|o snkSC 96893
|i snkKSP 9514/98
|0 0
|1 0
|4 0
|d 1998-10-14
|f 1
|l 0
|r 2025-09-16 00:00:00
|w 2026-02-24
|
| 952 |
|
|
|t P60, <04>, [BOOK], {604}
|a SNK
|b SNK
|y VYP
|7 0
|p 17A0161155
|o snkSC 96893 D1
|i snkKSP 9515/98
|0 0
|1 0
|4 0
|d 1998-10-14
|l 0
|r 2005-01-02 00:00:00
|w 2026-02-24
|